00909nam a22002537a 450000500170000001000120001702000190002903500120004803700160006004000120007608200150008810000340010324500760013724600060021326000480021927000550026730000260032250000510034865000370039965000550043694200240049199900190051595201210053420170124105920.0 aB-83197 c00a0195641213 aB-83197 bCen Lib/Ret aDPLbEN a307.7bSRI aSrivastava, Vinay Kumar94292 aReligious renunciation of postoral people /cby Vinay Kumar Srivastava  b  bOxford University Press c1997 aNew Delhi  bNew Delhi aymca, building, Jaisingh road e110001 axiii, 314p.c21cm(Hb) aIncludes bibliographical references and index  aRenunciation (Philosophy)973949 aPolitical & Economical Dominant--Rajasthan 973950 2ddccENh307.7mSRI c123130d123130 00104070aLbLd2015-06-02eCen Lib/Retg0.00l0o307.7 SRIpB-83197r2015-06-02 00:00:00t1v0.00w2015-06-02yEN